| 000 | 00779nam a2200253Ia 4500 | ||
|---|---|---|---|
| 003 | OSt | ||
| 005 | 20221005093355.0 | ||
| 006 | a|||||r|||| 00| 0 | ||
| 007 | ta | ||
| 008 | 221004b |||||||| |||| 00| 0 eng d | ||
| 020 |
_a9780393330403 (pbk) _c695 |
||
| 024 | _a96679 | ||
| 037 |
_bDU0015, 17/11/2008, Independent Publishers Group _cTextual |
||
| 040 |
_aCRL _cCRL _beng |
||
| 041 |
_2eng _aeng |
||
| 082 | _aSM9, N1 | ||
| 100 |
_aMiller Jacques-Alain Ed. _9321547 |
||
| 245 | 0 | _aSeminar of Jacques Lacan | |
| 260 |
_aNew York _bW.W. Norton and Company USA _c2007 |
||
| 300 |
_a224p. _ccm. |
||
| 650 | _aPSYCHOLOGY | ||
| 942 |
_hSM9, N1 _cTEXL _2cc |
||
| 999 |
_c1000284 _d1000284 |
||